[Event "KGZ-ch"]
[Site "Bishkek"]
[Date "2023.04.29"]
[Round "2"]
[White "Maznitsin, Andrei"]
[Black "Markov, Mikhail2222"]
[Result "0-1"]
[WhiteElo "2209"]
[BlackElo "2347"]
[PlyCount "48"]
[EventDate "2023.04.28"]
[EventType "tourn"]
[EventRounds "11"]
[EventCountry "KGZ"]
[SourceTitle "CBM 214 Extra"]
[Source "ChessBase"]
[SourceDate "2023.07.31"]
[SourceVersion "1"]
[SourceVersionDate "2023.07.31"]
[SourceQuality "1"]

1. c4 e5 2. Nc3 Nf6 3. Nf3 Nc6 4. g3 Bb4 5. Bg2 Bxc3 6. dxc3 0-0 7. 0-0 h6 8. b3 Re8 9. Qc2 e4 10. Nd2 Qe7 11. f3 exf3 12. exf3 d5 13. cxd5 Qc5+ 14. Kh1 Nb4 15. Qb1 Nbxd5 16. Ne4 Nxe4 17. fxe4 Nxc3 18. Qd3 Nb5 19. Be3 Qh5 20. a4 Nd6 21. Rac1 Bh3 22. Rxc7 Rad8 23. Bxh3 Qxh3 24. Bc5 Nf5 0-1

[Event "KGZ-ch"]
[Site "Bishkek"]
[Date "2023.04.28"]
[Round "1"]
[White "Teiitbaev, Aktilek"]
[Black "Maznitsin, Andrei"]
[Result "1/2-1/2"]
[WhiteElo "2018"]
[BlackElo "2209"]
[PlyCount "56"]
[EventDate "2023.04.28"]
[EventType "tourn"]
[EventRounds "11"]
[EventCountry "KGZ"]
[SourceTitle "CBM 214 Extra"]
[Source "ChessBase"]
[SourceDate "2023.07.31"]
[SourceVersion "1"]
[SourceVersionDate "2023.07.31"]
[SourceQuality "1"]

1. d4 d5 2. c4 e6 3. Nf3 Nf6 4. Nc3 Be7 5. Bf4 0-0 6. e3 c5 7. dxc5 Na6 8. cxd5 Nxd5 9. Nxd5 exd5 10. Bxa6 Qa5+ 11. Qd2 Qxa6 12. b4 b6 13. Bd6 Bf6 14. Nd4 Re8 15. b5 Qa4 16. 0-0 bxc5 17. Bxc5 Bd7 18. Rab1 Bxd4 19. Qxd4 Bxb5 20. Qxa4 Bxa4 21. Rb4 Bc2 22. Rd4 Red8 23. Rc1 Bf5 24. Rcd1 h6 25. h3 Rdc8 26. Ba3 Be6 27. Ra4 a6 28. Rc1 Rc4 1/2-1/2

[Event "Online Olym Div2 A"]
[Site "Chess.com INT"]
[Date "2020.08.15"]
[Round "5.1"]
[White "Svane, Rasmus"]
[Black "Maznitsin, Andrei"]
[Result "1-0"]
[WhiteElo "2613"]
[BlackElo "2277"]
[PlyCount "99"]
[EventDate "2020.08.14"]
[EventType "team-tourn (rapid)"]
[EventRounds "9"]
[EventCountry "USA"]
[SourceTitle "CBM 198"]
[Source "ChessBase"]
[SourceDate "2020.10.31"]
[SourceVersion "1"]
[SourceVersionDate "2020.10.31"]
[SourceQuality "1"]
[WhiteTeam "Germany"]
[BlackTeam "Kyrgyzstan"]
[WhiteTeamCountry "GER"]
[BlackTeamCountry "KGZ"]

1. Nf3 Nf6 2. g3 d5 3. Bg2 g6 4. c4 c6 5. b3 Bg7 6. Bb2 0-0 7. 0-0 Nbd7 8. d4 Ne4 9. Nc3 Ndf6 10. e3 Nxc3 11. Bxc3 Ne4 12. Bb2 b5 13. cxb5 cxb5 14. Ne5 b4 15. a3 a5 16. Re1 Ba6 17. Nc6 Qc7 18. Rc1 Bb5 19. Nxb4 Qb7 20. Nxd5 Qxd5 21. Rc5 Qb7 22. Bxe4 Qxe4 23. Rxb5 Rfc8 24. Re2 Rc7 25. Rc5 Rb7 26. Rec2 h5 27. Rc8+ Rxc8 28. Rxc8+ Kh7 29. h4 Qd5 30. Rc5 Qxb3 31. Qxb3 Rxb3 32. Bc1 a4 33. Rc4 Rb1 34. Kg2 e6 35. Bd2 Bf8 36. Rxa4 Ra1 37. Ra8 Bd6 38. a4 Ra2 39. Rd8 Bxg3 40. Kxg3 Rxd2 41. a5 Ra2 42. Ra8 Kg7 43. a6 Kf6 44. e4 Ra4 45. a7 Ra2 46. d5 exd5 47. exd5 Ke7 48. d6+ Kd7 49. Rf8 Rxa7 50. Rxf7+ 1-0

[Event "KGZ-ch HL"]
[Site "Bishkek"]
[Date "2018.05.18"]
[Round "8"]
[White "Mamatov, Melis"]
[Black "Maznitsin, Andrei"]
[Result "0-1"]
[WhiteElo "2196"]
[BlackElo "2291"]
[PlyCount "104"]
[EventDate "2018.05.11"]
[EventType "swiss"]
[EventRounds "9"]
[EventCountry "KGZ"]
[SourceTitle "EXT 2019"]
[Source "ChessBase"]
[SourceDate "2018.10.10"]
[SourceVersion "1"]
[SourceVersionDate "2018.10.10"]
[SourceQuality "1"]

1. e4 c6 2. d4 d5 3. Nd2 dxe4 4. Nxe4 Bf5 5. Ng3 Bg6 6. Nf3 Nd7 7. h4 h6 8. Bd3 Bxd3 9. Qxd3 e6 10. Bd2 Ngf6 11. 0-0-0 Be7 12. Kb1 0-0 13. Ne4 c5 14. Nxf6+ Nxf6 15. Be3 Qc7 16. Ne5 Rfd8 17. g4 Bd6 18. Qe2 Bxe5 19. dxe5 Qxe5 20. g5 Rxd1+ 21. Rxd1 hxg5 22. hxg5 Nd5 23. Qh5 g6 24. Qh6 Nxe3 25. fxe3 b6 26. a4 Re8 27. Rh1 Rd8 28. Qh7+ Kf8 29. Rf1 Rd7 30. Qh6+ Ke8 31. Qh7 Kf8 32. Qh6+ Kg8 33. Rh1 Rd2 34. Qh7+ Kf8 35. Rf1 Qg7 36. Qh1 Rd5 37. c4 Rd7 38. Qc6 Ke7 39. a5 Rd6 40. Qb7+ Rd7 41. Qc6 Qf8 42. axb6 axb6 43. Qxb6 Qc8 44. Qb3 Qc6 45. Qc3 Qe4+ 46. Kc1 e5 47. Re1 Rd3 48. Qa5 Qxc4+ 49. Kb1 Rd7 50. Rc1 Qd3+ 51. Ka1 Qxe3 52. Rxc5 Kf8 0-1

[Event "KGZ-ch HL"]
[Site "Bishkek"]
[Date "2018.05.12"]
[Round "2"]
[White "Maznitsin, Andrei"]
[Black "Sezdbekov, Arzybek"]
[Result "1/2-1/2"]
[WhiteElo "2291"]
[BlackElo "1817"]
[PlyCount "83"]
[EventDate "2018.05.11"]
[EventType "swiss"]
[EventRounds "9"]
[EventCountry "KGZ"]
[SourceTitle "EXT 2019"]
[Source "ChessBase"]
[SourceDate "2018.10.10"]
[SourceVersion "1"]
[SourceVersionDate "2018.10.10"]
[SourceQuality "1"]

1. c4 Nf6 2. Nf3 c5 3. g3 b6 4. Bg2 Bb7 5. Nc3 g6 6. 0-0 Bg7 7. d4 cxd4 8. Qxd4 0-0 9. Qh4 Na6 10. Bh6 Nc5 11. Rad1 d6 12. Rfe1 Ne6 13. e4 Qc7 14. b3 Qc5 15. Nd5 Rfe8 16. Bh3 Bh8 17. Be3 Qa5 18. Bxe6 fxe6 19. Nc7 Nxe4 20. Nxa8 Bxa8 21. Bd4 Qf5 22. Qf4 e5 23. Qxf5 gxf5 24. Bb2 Nxg3 25. Nh4 Ne4 26. Nxf5 Ng5 27. Re3 Kf7 28. Kf1 Kg6 29. Ng3 Rf8 30. h4 Nf3 31. h5+ Kg5 32. Ke2 Nh2 33. Rg1 Ng4 34. Ne4+ Bxe4 35. Rxe4 Rxf2+ 36. Kd3 Rxb2 37. Rexg4+ Kf5 38. Rg5+ Kf4 39. R5g4+ Kf5 40. Rg5+ Kf4 41. R5g4+ Kf5 42. Rg5+ 1/2-1/2

[Event "Cholpon Ata Issyk Kul op"]
[Site "Cholpon Ata"]
[Date "2016.06.21"]
[Round "1"]
[White "Maznitsin, Andrei"]
[Black "Kosimzoda, Bakhtovar"]
[Result "1-0"]
[WhiteElo "2246"]
[BlackElo "1335"]
[PlyCount "53"]
[EventDate "2016.06.21"]
[EventType "swiss"]
[EventRounds "9"]
[EventCountry "KGZ"]
[SourceTitle "EXT 2017"]
[Source "ChessBase"]
[SourceDate "2016.10.25"]
[SourceVersion "1"]
[SourceVersionDate "2016.10.25"]
[SourceQuality "1"]

1. c4 Nf6 2. Nf3 g6 3. g3 Bg7 4. Bg2 d6 5. d4 0-0 6. 0-0 Nbd7 7. Nc3 e5 8. e4 exd4 9. Nxd4 Nc5 10. Nb3 Nxb3 11. Qxb3 Be6 12. Qxb7 Bxc4 13. Rd1 Ng4 14. Qb4 Be6 15. h3 c5 16. Qa4 Nxf2 17. Kxf2 Bd4+ 18. Rxd4 cxd4 19. Qxd4 Qd7 20. Bh6 f5 21. Bxf8 Rxf8 22. exf5 Bxf5 23. Bd5+ Be6+ 24. Kg1 Rf5 25. Re1 Bxd5 26. Nxd5 Qf7 27. Ne7+ 1-0

[Event "KGZ-ch"]
[Site "Bishkek"]
[Date "2016.05.02"]
[Round "7"]
[White "Sezdbekov, Ruslan"]
[Black "Maznitsin, Andrei"]
[Result "1/2-1/2"]
[WhiteElo "2043"]
[BlackElo "2241"]
[PlyCount "63"]
[EventDate "2016.04.26"]
[EventType "tourn"]
[EventRounds "9"]
[EventCountry "KGZ"]
[SourceTitle "CBM 172 Extra"]
[Source "ChessBase"]
[SourceDate "2016.06.21"]
[SourceVersion "1"]
[SourceVersionDate "2016.06.21"]
[SourceQuality "1"]

1. e4 c6 2. d4 d5 3. e5 c5 4. dxc5 Nc6 5. Nf3 e6 6. Bd3 Bxc5 7. c3 Qc7 8. Qe2 Nge7 9. 0-0 Ng6 10. Re1 Bd7 11. b4 Be7 12. Na3 a6 13. Nc2 0-0 14. Bd2 f6 15. Bxg6 hxg6 16. exf6 Bxf6 17. Ncd4 Nxd4 18. cxd4 Rac8 19. Rac1 Qb6 20. Rc5 Rxc5 21. bxc5 Qb5 22. Qxb5 axb5 23. Bb4 Ra8 24. a3 Kf7 25. h4 Rh8 26. g3 Ra8 27. Kg2 Kg8 28. g4 Bd8 29. g5 Bc7 30. Ne5 Bxe5 31. Rxe5 Kf7 32. Kg3 1/2-1/2

[Event "KGZ-ch"]
[Site "Bishkek"]
[Date "2016.04.27"]
[Round "2"]
[White "Abdyjapar, Asyl"]
[Black "Maznitsin, Andrei"]
[Result "1-0"]
[WhiteElo "2385"]
[BlackElo "2241"]
[PlyCount "31"]
[EventDate "2016.04.26"]
[EventType "tourn"]
[EventRounds "9"]
[EventCountry "KGZ"]
[SourceTitle "CBM 172 Extra"]
[Source "ChessBase"]
[SourceDate "2016.06.21"]
[SourceVersion "1"]
[SourceVersionDate "2016.06.21"]
[SourceQuality "1"]

1. d4 Nf6 2. c4 e6 3. Nc3 Bb4 4. Qc2 c5 5. dxc5 0-0 6. a3 Bxc5 7. Nf3 b6 8. Bf4 Bb7 9. Rd1 Nc6 10. e3 Nh5 11. Bg5 Be7 12. Ne4 Bxg5 13. Nfxg5 Na5 14. Nxh7 Qh4 15. Neg5 Rfc8 16. Rd4 1-0

[Event "KGZ-ch"]
[Site "Bishkek"]
[Date "2014.05.25"]
[Round "9"]
[White "Maznitsin, Andrei"]
[Black "Elebesov, Azamat"]
[Result "1-0"]
[WhiteElo "2290"]
[BlackElo "2055"]
[PlyCount "53"]
[EventDate "2014.05.17"]
[EventType "tourn"]
[EventRounds "11"]
[EventCountry "KGZ"]
[SourceTitle "EXT 2016"]
[Source "ChessBase"]
[SourceDate "2015.10.08"]
[SourceVersion "1"]
[SourceVersionDate "2015.10.08"]
[SourceQuality "1"]

1. c4 c5 2. Nf3 Nf6 3. g3 g6 4. Bg2 Bg7 5. 0-0 0-0 6. Nc3 Nc6 7. d4 cxd4 8. Nxd4 a6 9. b3 Qc7 10. Bb2 d6 11. Rc1 Nd8 12. Nd5 Nxd5 13. cxd5 Qd7 14. Qd2 b6 15. Rc2 Bb7 16. Qb4 b5 17. Rfc1 Rc8 18. Rxc8 Bxc8 19. Qa5 e5 20. Rc7 Qg4 21. h3 Nb7 22. Qb6 Qg5 23. Bc1 Qh5 24. g4 Qh4 25. Nc6 Bf6 26. Rxc8 Rxc8 27. Qxb7 1-0

[Event "Bishkek op"]
[Site "Bishkek"]
[Date "2013.07.04"]
[Round "3"]
[White "Maznitsin, Andrei"]
[Black "Markov, Mikhail2222"]
[Result "1/2-1/2"]
[WhiteElo "2321"]
[BlackElo "2305"]
[PlyCount "61"]
[EventDate "2013.07.02"]
[EventType "swiss"]
[EventRounds "9"]
[EventCountry "KGZ"]
[SourceTitle "EXT 2015"]
[Source "ChessBase"]
[SourceDate "2014.11.20"]
[SourceVersion "1"]
[SourceVersionDate "2014.11.20"]
[SourceQuality "1"]

1. e4 e5 2. Nf3 Nc6 3. Nc3 Nf6 4. d4 exd4 5. Nxd4 Nxd4 6. Qxd4 d6 7. e5 dxe5 8. Qxe5+ Qe7 9. Qxe7+ Bxe7 10. Bd3 0-0 11. 0-0 c6 12. Ne4 Nxe4 13. Bxe4 Be6 14. Bf4 Rad8 15. Rad1 Rxd1 16. Rxd1 Rd8 17. Rxd8+ Bxd8 18. b3 f5 19. Bd3 Bf6 20. Be3 a6 21. f4 Kf7 22. Kf2 g6 23. g3 Bc3 24. Bb6 Bd5 25. Ke3 Ke6 26. Bd4 Bxd4+ 27. Kxd4 Kd6 28. c4 c5+ 29. Kc3 Be6 30. Be2 a5 31. Bf3 1/2-1/2

[Event "KGZ-ch"]
[Site "Bishkek"]
[Date "2013.05.17"]
[Round "9"]
[White "Maznitsin, Andrei"]
[Black "Kachiev, Eldar"]
[Result "1-0"]
[WhiteElo "2308"]
[BlackElo "2050"]
[PlyCount "109"]
[EventDate "2013.05.09"]
[EventType "swiss"]
[EventRounds "11"]
[EventCountry "KGZ"]
[SourceTitle "CBM 154 Extra"]
[Source "ChessBase"]
[SourceDate "2013.06.25"]
[SourceVersion "2"]
[SourceVersionDate "2013.06.25"]
[SourceQuality "1"]

1. c4 Nf6 2. Nf3 c6 3. d4 d5 4. Nc3 dxc4 5. Ne5 b5 6. a4 Qb6 7. e3 Nfd7 8. axb5 Nxe5 9. dxe5 cxb5 10. Qd5 Nc6 11. Qxb5 Qxb5 12. Nxb5 Rb8 13. Bxc4 Nxe5 14. Be2 Bd7 15. Nc7+ Kd8 16. Na6 Rc8 17. Bd2 e6 18. Bc3 Bd6 19. 0-0 f6 20. Rfd1 Ke7 21. Rd2 Rhd8 22. Ba5 Rh8 23. Rad1 Ba4 24. Rxd6 Bxd1 25. Rxd1 Rc2 26. Bb4+ Kf7 27. Rd2 Rhc8 28. Bf1 Rc1 29. Bc3 Rc4 30. Nb4 Ke7 31. h3 a5 32. Na2 Rb1 33. f4 Nd7 34. Kf2 Rc8 35. Bxa5 Nc5 36. Bb4 Kf7 37. Nc3 Ra1 38. Bxc5 Rxc5 39. Be2 Rc7 40. Nb5 Rc6 41. b4 g5 42. fxg5 fxg5 43. Nd4 Rb6 44. b5 Kf6 45. Rc2 e5 46. Nb3 Rb1 47. Nd2 Rb4 48. Rc6+ Rxc6 49. bxc6 Ke6 50. Nf3 Kd6 51. Nxg5 Kxc6 52. Nxh7 Kd6 53. Ng5 e4 54. g4 Ke5 55. h4 1-0

[Event "KGZ-ch"]
[Site "Bishkek"]
[Date "2013.05.14"]
[Round "6"]
[White "Maznitsin, Andrei"]
[Black "Markov, Mikhail2222"]
[Result "1/2-1/2"]
[WhiteElo "2308"]
[BlackElo "2276"]
[PlyCount "60"]
[EventDate "2013.05.09"]
[EventType "swiss"]
[EventRounds "11"]
[EventCountry "KGZ"]
[SourceTitle "CBM 154 Extra"]
[Source "ChessBase"]
[SourceDate "2013.06.25"]
[SourceVersion "2"]
[SourceVersionDate "2013.06.25"]
[SourceQuality "1"]

1. e4 e5 2. Nf3 Nf6 3. Nxe5 d6 4. Nf3 Nxe4 5. d4 d5 6. Bd3 Bd6 7. 0-0 0-0 8. c4 c6 9. Nc3 Nxc3 10. bxc3 dxc4 11. Bxc4 Nd7 12. Re1 h6 13. h3 Nf6 14. Bd2 Bf5 15. Bb3 Qd7 16. Qe2 Rfe8 17. Qf1 Rxe1 18. Rxe1 Re8 19. Rxe8+ Qxe8 20. Qe1 Qxe1+ 21. Bxe1 Kf8 22. Nd2 Ke7 23. f3 Be6 24. Ne4 Nxe4 25. fxe4 Bxb3 26. axb3 Ke6 27. Kf2 Bc7 28. c4 f5 29. exf5+ Kxf5 30. Kf3 b5 1/2-1/2